000 00561nam a22001577a 4500
999 _c535212
_d535212
020 _qHard Cover.
082 _a670.5
100 _aJamal, Syed Ali Akber
245 _aProcess Failure Mode & Effect Analysis of Electronics Contract Manufacturing FIRM /
_cSyed Ali Akber Jamal.
260 _aIslamabad:
_bPNEC NUST,
_c2014.
300 _a142 p. :
_bill. ;
_c30cm.
942 _2ddc
_cTHE
650 _aManufacturing System Engineering and Management MS-Thesis.
_929659
700 _aDr. Salman Nisar
_929577